Στοιχεία διανυσματικής ανάλυσης

Αποθηκεύτηκε σε:
Λεπτομέρειες βιβλιογραφικής εγγραφής
Κύριος συγγραφέας: Φλωράς, Σάββας
Μορφή: Βιβλίο
Γλώσσα:Greek
Δημοσίευση: Θεσσαλονίκη : Ζήτη, 2012.
Έκδοση:2η έκδ.
Θέματα:
Ετικέτες: Προσθήκη ετικέτας
Δεν υπάρχουν, Καταχωρήστε ετικέτα πρώτοι!

MARC

LEADER 00000nam a2200000 a 4500
001 1/125975
008 230123t2012 gr | ||| |||| ||gre||
020 |a 9789604563562 
040 |a GR-MyUA  |b gre  |e AACR2 
041 0 |a gre 
082 0 |a 515.63  
100 1 |a Φλωράς, Σάββας. 
245 1 0 |a Στοιχεία διανυσματικής ανάλυσης /   |c Σάββα Φλωρά.  
250 |a 2η έκδ.  
260 |a Θεσσαλονίκη :   |b Ζήτη,   |c 2012.  
300 |a 186 σ. ;   |c 24 εκ.  
504 |a Περιέχει ευρετήριο.  
650 0 0 |a Vector analysis. 
852 |a INST  |b SAMOS  |e 20230123  |h 515.63 ΦΛΩ  |p 005300047364  |q 005300047364  |t BK  |y 0 
970 |a Γουβάλα  |b Βάσω  |z 23-01-2023